Ingenieurmathematik
Αποθηκεύτηκε σε:
| Κύριος συγγραφέας: | |
|---|---|
| Μορφή: | Βιβλίο |
| Γλώσσα: | German |
| Δημοσίευση: |
Mannheim :
Bibliographisches Institut,
1964
|
| Σειρά: | B.I.-Hochschultaschenbucher ;
; 59, 60 |
| Θέματα: | |
| Ετικέτες: |
Προσθήκη ετικέτας
Δεν υπάρχουν, Καταχωρήστε ετικέτα πρώτοι!
|
MARC
| LEADER | 00000cam a2200000 i 4500 | ||
|---|---|---|---|
| 001 | 1/103406 | ||
| 008 | 090402s1964 ger d | ||
| 035 | |l 10104032 | ||
| 040 | |a GR-MY-UA |b gre |e aacr | ||
| 041 | 0 | |a ger | |
| 082 | 0 | |a 515 |2 (22) | |
| 100 | 1 | |a Laugwitz, Detlef. | |
| 245 | 1 | 0 | |a Ingenieurmathematik / |c Detlef Laugwitz |
| 260 | |a Mannheim : |b Bibliographisches Institut, |c 1964 | ||
| 300 | |a 2 τ.; |b σχέδια; |c 19 εκ. | ||
| 490 | 1 | |a B.I.-Hochschultaschenbucher |v ; 59, 60 | |
| 504 | |a Περιέχει ευρετήριο | ||
| 505 | 0 | |a τ. Ιτ. II | |
| 650 | 0 | 0 | |a Mathematical analysis. |
| 830 | 0 | |a B.I.-Hochschultaschenbucher ; |v ; 59, 60 | |
| 852 | |a INST |b SAMOS |c MAG |e 20090402 |h 515 LAU |p 005300029007 |q 005300029007 |t BK |v τ.2: |y 0 |z τ.2 | ||
| 852 | |a INST |b SAMOS |c MAG |e 20090327 |h 515 LAU |p 005300029026 |q 005300029026 |t BK |v τ.1: |y 0 |z τ.1 | ||
| 853 | |a INST |b SAMOS |c MAG |h 515 LAU | ||
| 901 | |a BIBL3-2009-1 | ||
| 909 | |a Σ |b 155930 | ||
| 909 | |a Σ |b 155972 | ||
| 970 | |a ΡΟΥΣΣΟΥ |b ΚΩΝΣΤΑΝΤΙΝΑ |z 2009/03/27 | ||